000
00325nam a2200169Ia 4500
100
_a
Dhanjani/Nitesh
650
_a
IOT
942
_c
BK
366
_f
20
654
_a
IOT
245
_a
Abusing the internet of things
260
_b
Oreilly
_c
2015
082
_b
DHA
300
_a
270
546
_a
ENGLISH
999
_c
23674
_d
23674